000 00466nab a2200145Ia 4500
003 ES-SlBCS
005 20210601125229.0
008 140529s1971 xxu||||| |||| 00| 0 eng d
041 _aeng
100 1 _aEdgar, William J.
_9135602
245 0 0 _aProfessor Gotesky and the Law of Non-Contradiction
_c William J. Edgar
650 0 4 _aNo Contradicción
_9155695
773 0 _tPhilosophy and Phenomenological Research
_gvol. 32, 1971, págs. 259-263
_wRev1411
942 _cAR
999 _c526890
_d526890